<?xml version="1.0" encoding="UTF-8"?>
<record
    xmlns:xsi="http://www.w3.org/2001/XMLSchema-instance"
    xsi:schemaLocation="http://www.loc.gov/MARC21/slim http://www.loc.gov/standards/marcxml/schema/MARC21slim.xsd"
    xmlns="http://www.loc.gov/MARC21/slim">

  <leader>01907nam a2200385Ia 4500</leader>
  <controlfield tag="001">dia_7055</controlfield>
  <controlfield tag="003">CHAP</controlfield>
  <controlfield tag="005">20240514111741.0</controlfield>
  <controlfield tag="007">ta</controlfield>
  <controlfield tag="008">220117s2018    mx abdofr     001 0 spa d</controlfield>
  <datafield tag="040" ind1=" " ind2=" ">
    <subfield code="c">CHAP</subfield>
    <subfield code="a">mxchpua</subfield>
  </datafield>
  <datafield tag="090" ind1=" " ind2=" ">
    <subfield code="a">T.C.759 </subfield>
    <subfield code="b">L67 SAI </subfield>
    <subfield code="c">2018</subfield>
  </datafield>
  <datafield tag="245" ind1="1" ind2="0">
    <subfield code="a">Sistema agroindustrial banano (Musa paradisiaca) /</subfield>
    <subfield code="c">coordinador Vicente L&#xF3;pez Bautista ; colaboradores Jes&#xFA;s Heriberto Hern&#xE1;ndez Antonio...[et al.]</subfield>
  </datafield>
  <datafield tag="260" ind1=" " ind2=" ">
    <subfield code="a">M&#xE9;xico :</subfield>
    <subfield code="b">El autor,</subfield>
    <subfield code="c">2018</subfield>
  </datafield>
  <datafield tag="300" ind1=" " ind2=" ">
    <subfield code="a">72 hojas :</subfield>
    <subfield code="b">ilustraciones, mapas, gr&#xE1;ficas, diagramas, tablas, fotos +</subfield>
  </datafield>
  <datafield tag="336" ind1=" " ind2=" ">
    <subfield code="2">rdacontent</subfield>
    <subfield code="a">texto</subfield>
    <subfield code="b">txt</subfield>
  </datafield>
  <datafield tag="337" ind1=" " ind2=" ">
    <subfield code="2">rdamedia</subfield>
    <subfield code="a">no mediado</subfield>
    <subfield code="b">n</subfield>
  </datafield>
  <datafield tag="338" ind1=" " ind2=" ">
    <subfield code="2">rdacarrier</subfield>
    <subfield code="a">volumen</subfield>
    <subfield code="b">nc</subfield>
  </datafield>
  <datafield tag="500" ind1=" " ind2=" ">
    <subfield code="a">6&#xB0; a&#xF1;o --
El CD contiene reporte --
Directorio: h. 57</subfield>
  </datafield>
  <datafield tag="502" ind1=" " ind2=" ">
    <subfield code="a">Viaje de Estudios </subfield>
    <subfield code="b">(SAI) -- </subfield>
    <subfield code="c">UACh. Departamento de Ingenier&#xED;a Agroindustrial, </subfield>
    <subfield code="d">2018</subfield>
  </datafield>
  <datafield tag="504" ind1=" " ind2=" ">
    <subfield code="a">Bibliograf&#xED;a: hojas 53-54</subfield>
  </datafield>
  <datafield tag="505" ind1=" " ind2=" ">
    <subfield code="a">Empresas visitadas --
</subfield>
    <subfield code="t">1.Las Pampitas, S.P.R. de R.L. --
2.Asociaci&#xF3;n Agr&#xED;cola de Productores del Pl&#xE1;tano del Soconusco, A.C. --
3. Bananeros de la Frontera --
4. Sector de Producci&#xF3;n Mazat&#xE1;n --
5. Huehuet&#xE1;n --
6. Asociaci&#xF3;n agr&#xED;cola de productos de pl&#xE1;tano --
7. FIRA --
8. SAGARPA --
9. Rancho San Jos&#xE9; Morelia --
10. Bananera Concordia --
11. Aer&#xF3;dromo Santo Tomas --
12. Aer&#xF3;dromo Marte R. G&#xF3;mez</subfield>
  </datafield>
  <datafield tag="650" ind1="1" ind2="3">
    <subfield code="a">Bananos</subfield>
    <subfield code="x">Industria y comercio</subfield>
    <subfield code="9">152315</subfield>
    <subfield code="z">M&#xE9;xico </subfield>
  </datafield>
  <datafield tag="650" ind1="1" ind2="3">
    <subfield code="a">Bananas</subfield>
    <subfield code="x">Industry and trade</subfield>
    <subfield code="9">152314</subfield>
    <subfield code="z">Mexico</subfield>
  </datafield>
  <datafield tag="700" ind1="1" ind2=" ">
    <subfield code="a">L&#xF3;pez Bautista, Vicente</subfield>
    <subfield code="9">147030</subfield>
    <subfield code="e">coordinador</subfield>
  </datafield>
  <datafield tag="700" ind1="1" ind2=" ">
    <subfield code="a">Hern&#xE1;ndez Antonio, Jes&#xFA;s Heriberto</subfield>
    <subfield code="9">162882</subfield>
    <subfield code="e">colaborador</subfield>
  </datafield>
  <datafield tag="856" ind1="4" ind2="1">
    <subfield code="u">http://10.13.5.2/ve/TC759SAI/TC759SAI2018-REPORTE.pdf</subfield>
    <subfield code="y">DESCARGAR REPORTE</subfield>
  </datafield>
  <datafield tag="901" ind1=" " ind2=" ">
    <subfield code="a">T.C.759 L67 SAI 2018</subfield>
  </datafield>
  <datafield tag="902" ind1=" " ind2=" ">
    <subfield code="a">M</subfield>
  </datafield>
  <datafield tag="905" ind1=" " ind2=" ">
    <subfield code="a">5232272018                          mx dnml8223123322spa16</subfield>
  </datafield>
  <datafield tag="942" ind1=" " ind2=" ">
    <subfield code="2">local</subfield>
  </datafield>
  <datafield tag="942" ind1=" " ind2=" ">
    <subfield code="c">VE</subfield>
  </datafield>
  <datafield tag="999" ind1=" " ind2=" ">
    <subfield code="c">178308</subfield>
    <subfield code="d">178308</subfield>
  </datafield>
  <datafield tag="952" ind1=" " ind2=" ">
    <subfield code="0">0</subfield>
    <subfield code="1">0</subfield>
    <subfield code="2">local</subfield>
    <subfield code="4">0</subfield>
    <subfield code="5">1</subfield>
    <subfield code="7">0</subfield>
    <subfield code="8">VE</subfield>
    <subfield code="a">IA_</subfield>
    <subfield code="b">IA_</subfield>
    <subfield code="d">2022-01-18</subfield>
    <subfield code="e">El autor</subfield>
    <subfield code="l">0</subfield>
    <subfield code="o">T.C.759 L67 SAI 2018</subfield>
    <subfield code="p">1106011851</subfield>
    <subfield code="r">2022-01-18 00:00:00</subfield>
    <subfield code="t">Ej. 2</subfield>
    <subfield code="w">2022-01-18</subfield>
    <subfield code="y">CD</subfield>
  </datafield>
  <datafield tag="952" ind1=" " ind2=" ">
    <subfield code="0">0</subfield>
    <subfield code="1">0</subfield>
    <subfield code="2">local</subfield>
    <subfield code="4">0</subfield>
    <subfield code="5">1</subfield>
    <subfield code="7">0</subfield>
    <subfield code="8">VE</subfield>
    <subfield code="a">IA_</subfield>
    <subfield code="b">IA_</subfield>
    <subfield code="d">2022-01-18</subfield>
    <subfield code="e">El autor</subfield>
    <subfield code="l">1</subfield>
    <subfield code="o">T.C.759 L67 SAI 2018</subfield>
    <subfield code="p">1106011850</subfield>
    <subfield code="r">2026-01-26 00:00:00</subfield>
    <subfield code="s">2022-10-24</subfield>
    <subfield code="t">Ej. 1</subfield>
    <subfield code="w">2022-01-18</subfield>
    <subfield code="y">VE</subfield>
  </datafield>
  <datafield tag="952" ind1=" " ind2=" ">
    <subfield code="0">0</subfield>
    <subfield code="1">0</subfield>
    <subfield code="2">local</subfield>
    <subfield code="4">0</subfield>
    <subfield code="7">0</subfield>
    <subfield code="8">VEE</subfield>
    <subfield code="a">IA_</subfield>
    <subfield code="b">IA_</subfield>
    <subfield code="c">E_L</subfield>
    <subfield code="d">2024-05-14</subfield>
    <subfield code="e">El autor</subfield>
    <subfield code="l">0</subfield>
    <subfield code="o">T.C.759 L67 SAI 2018</subfield>
    <subfield code="p">1206011850</subfield>
    <subfield code="r">2024-05-14 00:00:00</subfield>
    <subfield code="w">2024-05-14</subfield>
    <subfield code="y">VEE</subfield>
  </datafield>
</record>
